[Event "Barcelona Rubi op 4th"]
[Site "Barcelona"]
[Date "2003.05.10"]
[Round "3"]
[White "Fayula Cuyas, Manuel"]
[Black "Da Silva Estebanell, Roma"]
[Result "1/2-1/2"]
[WhiteElo "2065"]
[BlackElo "2095"]
[PlyCount "54"]
[EventDate "2003.04.26"]
[EventType "swiss"]
[EventRounds "7"]
[EventCountry "ESP"]
[SourceTitle "EXT 2004"]
[Source "ChessBase"]
[SourceDate "2003.11.25"]
[SourceVersion "1"]
[SourceVersionDate "2003.11.25"]
[SourceQuality "1"]

1. e4 g6 2. d4 Bg7 3. Nf3 d6 4. Nc3 Nf6 5. h3 c6 6. Be3 0-0 7. Be2 Nbd7 8. Qd2 b5 9. a3 a6 10. 0-0 Re8 11. Nh2 e5 12. Bf3 Nb6 13. b3 Nbd7 14. d5 c5 15. Bg5 Qc7 16. Ne2 Kh8 17. Bh6 Ng8 18. Bxg7+ Kxg7 19. Ng3 h6 20. h4 Ndf6 21. Qe2 h5 22. Qe3 Qe7 23. Qg5 Kf8 24. Rfe1 Nh7 25. Qxe7+ Kxe7 26. Re3 Bd7 27. Nhf1 Nhf6 1/2-1/2

[Event "Barcelona Rubi op 4th"]
[Site "Barcelona"]
[Date "2003.??.??"]
[Round "1"]
[White "Fayula Cuyas, Manuel"]
[Black "Barrientos Chavarriaga, Sergio E"]
[Result "0-1"]
[WhiteElo "2065"]
[BlackElo "2245"]
[PlyCount "76"]
[EventDate "2003.04.26"]
[EventType "swiss"]
[EventRounds "7"]
[EventCountry "ESP"]
[SourceTitle "EXT 2004"]
[Source "ChessBase"]
[SourceDate "2003.11.25"]
[SourceVersion "1"]
[SourceVersionDate "2003.11.25"]
[SourceQuality "1"]

1. e4 c5 2. Nf3 Nc6 3. d4 cxd4 4. Nxd4 Nf6 5. Nc3 e5 6. Nxc6 bxc6 7. a3 Bc5 8. Be2 d6 9. 0-0 a5 10. Kh1 Bd4 11. Bg5 h6 12. Bxf6 Qxf6 13. Qe1 0-0 14. Nd1 Qg6 15. c3 Bb6 16. Bd3 f5 17. exf5 Bxf5 18. Bxf5 Rxf5 19. Ne3 Rf4 20. Qd2 Raf8 21. Rad1 d5 22. Rde1 Qh5 23. g3 Rf3 24. Kg2 e4 25. b4 a4 26. Qe2 g5 27. b5 Bxe3 28. fxe3 cxb5 29. Qxb5 g4 30. Kg1 Qf5 31. Qe2 Kg7 32. Rxf3 exf3 33. Qf2 Qd3 34. e4 dxe4 35. Re3 Rb8 36. Re1 Rb1 37. Qa7+ Kg6 38. Qf2 e3 0-1

[Event "Barcelona Rubi op 4th"]
[Site "Barcelona"]
[Date "2003.??.??"]
[Round "6"]
[White "Parals Roura, Jordi"]
[Black "Fayula Cuyas, Manuel"]
[Result "1-0"]
[WhiteElo "1960"]
[BlackElo "2065"]
[PlyCount "150"]
[EventDate "2003.04.26"]
[EventType "swiss"]
[EventRounds "7"]
[EventCountry "ESP"]
[SourceTitle "EXT 2004"]
[Source "ChessBase"]
[SourceDate "2003.11.25"]
[SourceVersion "1"]
[SourceVersionDate "2003.11.25"]
[SourceQuality "1"]

1. d4 d5 2. c4 c6 3. Nc3 Nf6 4. Nf3 e6 5. Bg5 Be7 6. e3 0-0 7. cxd5 exd5 8. Bd3 Bg4 9. h3 Be6 10. Qc2 Nbd7 11. 0-0 h6 12. Bh4 Nh5 13. Bxe7 Qxe7 14. Rfe1 f5 15. Rad1 Qf6 16. Na4 g5 17. Nh2 g4 18. hxg4 fxg4 19. g3 Ng7 20. e4 h5 21. exd5 Bxd5 22. Nc3 Nb6 23. Be4 Rae8 24. Bxd5+ Nxd5 25. Ne4 Qf5 26. Re2 Ne6 27. Qd2 Qg6 28. Rde1 Ng7 29. Qg5 Qxg5 30. Nxg5 Rxe2 31. Rxe2 Re8 32. Rxe8+ Nxe8 33. f3 Nef6 34. fxg4 hxg4 35. Ne6 b6 36. Nd8 c5 37. dxc5 bxc5 38. Nc6 Nb4 39. Nxb4 cxb4 40. Kf2 Ne4+ 41. Ke3 Nxg3 42. Nxg4 Kf7 43. Ne5+ Ke6 44. Nc6 Kd6 45. Nxb4 Kc5 46. Nd3+ Kb5 47. b3 Nf5+ 48. Ke4 Ne7 49. a4+ Kb6 50. Kd4 a6 51. Kc4 Nc6 52. b4 Nd8 53. a5+ Ka7 54. Kc5 Kb7 55. Kd6 Ka7 56. Nc5 Nf7+ 57. Ke6 Nd8+ 58. Kd7 Nf7 59. Nd3 Ng5 60. Ne5 Kb7 61. Nc6 Nf3 62. Nd8+ Ka7 63. Kc7 Ne1 64. Nc6+ Ka8 65. Kb6 Nd3 66. Kxa6 Nc5+ 67. Kb5 Nd7 68. Nd8 Ka7 69. Kc6 Nb8+ 70. Kc5 Na6+ 71. Kc4 Nb8 72. b5 Nd7 73. Kd5 Nf6+ 74. Kc6 Ng8 75. b6+ Kb8 1-0

[Event "Barcelona Rubi op 4th"]
[Site "Barcelona"]
[Date "2003.??.??"]
[Round "2"]
[White "Rios Torondell, Jaume"]
[Black "Fayula Cuyas, Manuel"]
[Result "1-0"]
[WhiteElo "2120"]
[BlackElo "2065"]
[PlyCount "126"]
[EventDate "2003.04.26"]
[EventType "swiss"]
[EventRounds "7"]
[EventCountry "ESP"]
[SourceTitle "EXT 2004"]
[Source "ChessBase"]
[SourceDate "2003.11.25"]
[SourceVersion "1"]
[SourceVersionDate "2003.11.25"]
[SourceQuality "1"]

1. e4 e5 2. Nf3 d6 3. Bc4 Bg4 4. d4 Bxf3 5. Qxf3 Qf6 6. Qb3 b6 7. Bd5 c6 8. Qa4 Ne7 9. Bxc6+ Nexc6 10. d5 Qd8 11. Nc3 Qd7 12. dxc6 Qxc6 13. Qb5 Qxb5 14. Nxb5 Kd7 15. Be3 Nc6 16. a3 Be7 17. 0-0-0 Nd8 18. f4 f6 19. f5 Nb7 20. Rd2 Rhc8 21. Rhd1 Rc6 22. g4 Nc5 23. Bxc5 bxc5 24. Rd5 a6 25. Nc3 Rb8 26. Na4 Kc7 27. c4 Rh8 28. R1d3 h6 29. Rb3 Rb8 30. Rxb8 Kxb8 31. Rd3 Bd8 32. Rb3+ Ka7 33. Nc3 Rb6 34. Rxb6 Kxb6 35. Kc2 Kc6 36. Kb3 Kb7 37. Ka4 Kc6 38. Nd5 Kb7 39. b4 cxb4 40. axb4 Kc6 41. b5+ axb5+ 42. cxb5+ Kc5 43. h3 Kd4 44. b6 Bxb6 45. Nxb6 Kxe4 46. Nc8 d5 47. Nd6+ Ke3 48. Kb3 Kd2 49. Ne8 e4 50. Nxg7 e3 51. Ne6 e2 52. Nd4 Ke3 53. Nc2+ Kd3 54. Ne1+ Ke3 55. Kc2 Kf2 56. Kd2 Kg3 57. Kxe2 Kxh3 58. Kf3 Kh4 59. Ng2+ Kg5 60. Nf4 d4 61. Ne6+ Kh4 62. Nxd4 h5 63. gxh5 Kxh5 1-0